[Event "FIDE Chesscom Grand Swiss 2019"]
[Site "Douglas-Isle of Man"]
[Date "2019.10.21"]
[Round "11.6"]
[White "Anton Guijarro, David"]
[Black "Hovhannisyan, Robert"]
[Result "1-0"]
[WhiteElo "2674"]
[BlackElo "2639"]
[Annotator "TA"]
[PlyCount "119"]
[EventDate "2019.10.10"]
[EventType "swiss"]
[EventCountry "GBR"]
[SourceTitle "playchess.com"]
[Source "ChessBase"]
[SourceQuality "1"]

{[%evp 15,119,0,3,0,58,70,32,0,52,45,71,62,67,64,55,66,60,74,64,55,68,29,90,47,48,45,113,46,68,28,94,97,77,82,122,106,137,137,137,127,210,205,175,193,209,130,120,107,109,125,345,335,589,590,781,730,6003,251,260,260,260,254,252,246,284,278,847,835,787,789,481,405,1016,466,1720,1683,1260,415,12833,1974,12842,12843,12847,12847,12848,12848,12849,12849,12850,12851,12851,12851,12851,12851,12851,27999,12851,27997,27999,27998,27998,27998,27999,27995,27996,27995]} 1. c4 c6 2. d4 d5 3. Nf3 Nf6 4. Nc3 dxc4 5. a4 Bf5 6. Ne5 e6 7. f3 Bb4 8. Nxc4 O-O 9. Kf2 {D17: Slav Defence: 5 a4 Bf5: Lines with 6 Nh4 and 6 Ne5} Nd5 (9... Bg6 $11) (9... c5 10. e4 Bg6 11. Na2 Nc6 12. Nxb4 Nxb4 13. Qb3 Nxe4+ 14. fxe4 Bxe4 15. Bf4 Qf6 16. Qe3 Rad8 {1-0 (51) Iturrizaga Bonelli,E (2637)-Shankland,S (2725) chess.com INT 2019}) 10. Na2 $146 ({Predecessor:} 10. Qd2 b5 11. Ne5 Qa5 12. Qd1 Nxc3 13. bxc3 Bxc3 14. Ra3 b4 15. Nc4 Qd8 16. Rxc3 bxc3 {0-1 (32) Briem,S (1890)-Skaale,J (1752) Kopavogur 2018}) 10... b5 $1 {[%cal Rb5c4]} 11. Nxb4 {White is slightly better.} bxc4 (11... Nxb4 $11 12. Na3 e5) 12. Na2 $1 c5 {Threatens to win with ...cxd4.} 13. e4 {[%mdl 64] Double Attack} (13. dxc5 Nd7 $11) 13... cxd4 14. Bxc4 Nb6 15. Be2 Bg6 16. a5 Nc8 17. Nb4 Ne7 18. h4 {aiming for h5.} h5 (18... f5 $11 {remains equal.}) 19. Nd3 Nbc6 20. Bf4 Nxa5 ({Black should try} 20... f5 $14 21. e5 Nd5) 21. Qa4 (21. b4 $16 Nb7 22. Qb3) 21... Nac6 22. b4 {[%cal Bb2b4,Bb4b5][%mdl 32] b5 is the strong threat.} e5 (22... f5 $11 23. e5 a6) 23. b5 $1 $36 {[%mdl 2048] Hoping for Bg3. White is really pushing.} (23. Nxe5 Nxe5 24. Bxe5 d3 $15) 23... exf4 24. bxc6 Qd6 25. Rhc1 Rfc8 {[%cal Rc8c6]} 26. Qb4 Qd8 27. Ra6 Rc7 (27... Kh7 $16 28. Kf1 (28. Nxf4 Nxc6 29. Raxc6 Qxh4+ 30. g3 Qh2+ 31. Ng2 Rab8 $18) 28... Rc7 29. Nxf4 Rb8) 28. Nxf4 $18 Rac8 {[%cal Re7c6]} 29. Bb5 d3 30. Qc5 Nxc6 31. Bxc6 {Strongly threatening g3.} Qxh4+ 32. g3 Qf6 $2 (32... Qh2+ $16 33. Ng2 Kh8) 33. Qc3 (33. Nxd3 Bxe4 34. Ne5 (34. Bxe4 Qxa6 35. Qxc7 Rxc7 $11) 34... h4 $14) 33... d2 $2 (33... Qg5 {was called for.} 34. Rh1 (34. Nxd3 Rxc6 35. Rxc6 Rxc6 $18) 34... Kh7) 34. Qxd2 Bxe4 35. fxe4 (35. Bxe4 Qxa6 36. Rd1 Qa4 $16) 35... Rxc6 36. e5 $2 (36. Raxc6 Rxc6 37. e5 $1 {[%mdl 512]}) 36... Rc2 37. exf6 Rxd2+ 38. Ke3 Rxc1 39. Kxd2 {[%mdl 4096] Endgame KRN-KR} Rh1 40. Ra5 $1 ({Don't take} 40. Rxa7 $6 h4 $18) 40... h4 $2 (40... gxf6 41. Nxh5 (41. Rxa7 h4 $16) 41... f5) 41. Rg5 $1 g6 42. gxh4 Rxh4 43. Ke3 Kh7 (43... Rh1 $142 44. Rb5 Rh8 45. Rb8+ Kh7) 44. Rc5 Kh6 {[#]} 45. Ne6 $1 {[%cal Re6g5]} Rh3+ 46. Ke4 {And now Ng5! would win.} Rh4+ (46... Rb3 $142 47. Ng5 Rb7) 47. Ke5 Rh1 {[#]} 48. Kd6 $1 fxe6 {KR-KR} 49. Rc8 Rf1 50. Ke7 Kg5 51. f7 Rxf7+ 52. Kxf7 {KR-K3P} Kf5 53. Rc1 e5 54. Rf1+ Ke4 55. Kf6 g5 56. Kxg5 Kd3 {White mates.} 57. Re1 Kc3 58. Rxe5 Kb4 59. Kf4 a5 60. Ke4 {Accuracy: White = 83%, Black = 38%.} 1-0

[Event "FIDE Chesscom Grand Swiss 2019"]
[Site "Douglas-Isle of Man"]
[Date "2019.10.21"]
[Round "11.6"]
[White "Lu, Shanglei"]
[Black "Ganguly, Surya Shekhar"]
[Result "1/2-1/2"]
[WhiteElo "2602"]
[BlackElo "2658"]
[Annotator "TA"]
[PlyCount "94"]
[EventDate "2019.10.10"]
[EventType "swiss"]
[EventCountry "GBR"]
[SourceTitle "playchess.com"]
[Source "ChessBase"]
[SourceQuality "1"]

{[%evp 16,94,22,7,0,4,0,-71,-72,-83,-19,-36,-36,-21,-6,-14,-10,-15,-18,-20,-22,-22,-18,-22,-21,-22,-17,-24,-24,-18,-18,-23,-20,-19,-22,-26,-27,-46,-46,-47,-46,-56,-66,-61,-55,-52,-60,-72,-45,-45,-45,-48,-35,-35,-39,-38,0,0,0,-4,0,0,0,-1,0,0,0,0,0,0,0,0,0,0,0,0,0,0,0,0,0]} 1. e4 e6 2. d4 d5 3. Nc3 Bb4 4. a3 Bxc3+ 5. bxc3 dxe4 6. Qg4 Nf6 7. Qxg7 Rg8 8. Qh6 c5 9. Ne2 cxd4 {C15: French: 3 Nc3 Bb4: Unusual White 4th moves} (9... Bd7 10. Bg5 Rg6 11. Qh4 Bc6 12. Rd1 Nbd7 13. Nf4 Rxg5 14. Qxg5 Qa5 15. Ne2 O-O-O 16. dxc5 Nd5 17. Nd4 Nxc5 18. Nxc6 bxc6 {1-0 (61) Wang,H (2709)-Savchenko,B (2566) Riadh 2017}) 10. Nxd4 a6 $146 ({Predecessor:} 10... b6 11. Bb5+ Bd7 12. O-O Rg6 13. Qf4 Qe7 14. Qc7 Bxb5 15. Nxb5 Na6 16. Qc6+ {1-0 (16) Skopec,L (1918)-Konvalinka,V (1669) Prague 2019}) 11. Bb2 (11. Ne2 $11 {remains equal.}) 11... e5 $17 {Black is better.} 12. Nb3 Bf5 (12... Be6 $17 13. Rd1 Nbd7) 13. h3 $1 $11 Rg6 14. Qd2 Qxd2+ 15. Nxd2 e3 16. fxe3 Bxc2 17. Rc1 Ba4 18. Nf3 Rg3 19. c4 Nbd7 20. Be2 $1 O-O-O 21. Nxe5 Nxe5 22. Bxe5 Rxe3 {[%mdl 64] [#] Double Attack} 23. Bxf6 Rde8 24. O-O Rxe2 25. Rf2 R8e4 {Strongly threatening ...Rxf2.} 26. Bd4 Rxf2 27. Bxf2 $15 {[%mdl 4096] Endgame KRB-KRB} Bb3 28. c5 Ra4 29. Ra1 Kd7 30. Be3 Kc6 31. Kf2 h5 32. g3 Be6 33. h4 Bb3 34. Ke2 Bd5 35. Kd3 Rg4 36. Bf4 {The position is equal.} Rg8 37. Rb1 Kxc5 38. Rc1+ Kb5 39. Kd4 Bf3 40. Rc5+ Ka4 41. Rc4+ Ka5 42. Rb4 {Threatening mate with Bc7+.} Rg6 43. Bd2 {Threatens to win with Rb3+.} Bg4 44. Kd5 {And now Rxg4+ would win.} Bf3+ {[%mdl 64] [#] Discovered Attack} 45. Ke5 {aiming for Rf4+.} Re6+ 46. Kf4 Bg4 47. Rxb7+ Ka4 {Accuracy: White = 78%, Black = 64%.} 1/2-1/2

[Event "FIDE Chesscom Grand Swiss 2019"]
[Site "Douglas-Isle of Man"]
[Date "2019.10.21"]
[Round "11.7"]
[White "Kryvoruchko, Yuriy"]
[Black "So, Wesley"]
[Result "1/2-1/2"]
[WhiteElo "2669"]
[BlackElo "2767"]
[Annotator "TA"]
[PlyCount "74"]
[EventDate "2019.10.10"]
[EventType "swiss"]
[EventCountry "GBR"]
[SourceTitle "playchess.com"]
[Source "ChessBase"]
[SourceQuality "1"]

{[%evp 16,74,0,0,0,0,9,-8,17,20,43,0,0,0,0,-4,-4,-8,2,0,-13,-57,-56,-45,-39,-37,-19,-24,-22,-49,-49,-49,-49,-49,-43,-50,-43,-62,-50,-50,-50,-42,-42,-50,-33,-34,-33,-50,-50,-50,-50,-50,-50,-50,-50,-50,0,0,0,0,0]} 1. e4 e5 2. Nf3 Nc6 3. Nc3 Nf6 4. d4 exd4 5. Nxd4 Bb4 6. Nxc6 bxc6 7. Bd3 O-O 8. O-O d5 9. Bd2 Rb8 {C47: Scotch Four Knights and Four Knights with 4 g3} 10. Re1 Re8 11. a3 Bf8 12. Rb1 $146 ({Predecessor:} 12. b4 h6 13. h3 dxe4 14. Nxe4 Nxe4 15. Bxe4 c5 16. Bf4 Qxd1 17. Raxd1 {½-½ (25) Motylev,A (2644)-Karjakin,S (2753) St Petersburg 2018}) 12... Ng4 {[#] White must now prevent ...Bc5.} 13. h3 Ne5 14. Bf1 d4 $36 {[%mdl 2048] Black fights for an advantage.} 15. Na4 c5 16. f4 Ng6 17. b3 Bb7 18. Bd3 {[#]} c4 $1 {[%mdl 512]} 19. Bxc4 (19. bxc4 Bc6) 19... Bxe4 20. Nb2 Qh4 21. Nd3 Bd6 ({Much worse is} 21... Bxa3 22. b4 $14) 22. Qg4 Qxg4 ({Of course not} 22... Bxa3 $6 23. Qxh4 Nxh4 24. Ne5 $14) 23. hxg4 Bxd3 ({Don't play} 23... Bxa3 $6 24. b4 $14) 24. cxd3 Nxf4 25. Bxf4 Bxf4 26. Rxe8+ Rxe8 $15 {[%mdl 4096] Endgame KRB-KRB} 27. Rf1 Be3+ 28. Kh2 Re7 29. g3 c5 30. Rf5 Rc7 31. Kg2 g6 32. Re5 Kf8 33. Rd5 Bc1 34. a4 Bd2 35. Rd8+ Ke7 36. Rh8 Kf6 37. Rxh7 Re7 {Accuracy: White = 67%, Black = 70%.} 1/2-1/2

[Event "FIDE Chesscom Grand Swiss 2019"]
[Site "Douglas-Isle of Man"]
[Date "2019.10.21"]
[Round "11.7"]
[White "Nabaty, Tamir"]
[Black "Narayanan.S.L"]
[Result "0-1"]
[WhiteElo "2658"]
[BlackElo "2611"]
[Annotator "RC"]
[PlyCount "80"]
[EventDate "2019.10.10"]
[EventType "swiss"]
[EventCountry "GBR"]
[SourceTitle "playchess.com"]
[Source "ChessBase"]
[SourceQuality "1"]
[TimeControl "40/6000+30:20/3000+30:900+30"]

1. Nf3 {[%emt 0:01:08]} Nf6 {[%emt 0:00:07]} 2. b3 {[%emt 0:00:31]} g6 {[%emt 0:01:09]} 3. Bb2 {[%emt 0:00:13]} Bg7 {[%emt 0:00:05]} 4. d4 {[%emt 0:00:33]} O-O {[%emt 0:00:13]} 5. Nbd2 {[%emt 0:00:22]} d5 {[%emt 0:00:06]} 6. c4 {[%emt 0:00:21]} dxc4 {[%emt 0:00:17]} 7. Nxc4 {[%emt 0:00:31]} c5 {[%emt 0:00:09]} 8. dxc5 {[%emt 0:01:04]} Na6 {[%emt 0:00:05]} 9. c6 {[%emt 0:01:53]} b5 {[%emt 0:00:11]} 10. Ncd2 {[%emt 0:03:40]} Nb4 {[%emt 0:17:44]} 11. e3 {[%emt 0:22:52]} Bf5 {[%emt 0:02:42]} 12. Nd4 {[%emt 0:01:35]} Nfd5 {[%emt 0:19:39]} 13. Rc1 {[%emt 0:15:27]} Nf4 {[%emt 0:08:16]} 14. exf4 {[%emt 0:08:13]} Bxd4 {[%emt 0:00:09]} 15. c7 {[%emt 0:01:59]} Qd5 {[%emt 0:03:09]} 16. Bxd4 {[%emt 0:00:42]} Qxd4 {[%emt 0:00:11]} 17. Bxb5 {[%emt 0:16:42]} Bd3 {[%emt 0:04:09]} 18. Bc4 {[%emt 0:05:08]} Nxa2 {[%emt 0:04:24]} 19. Bxd3 {[%emt 0:07:53]} Nxc1 {[%emt 0:00:13]} 20. Qxc1 {[%emt 0:00:05]} Qxd3 {[%emt 0:00:07]} 21. h4 {[%emt 0:00:04]} Rac8 {[%emt 0:07:42]} 22. Rh3 {[%emt 0:00:11]} Qf5 {[%emt 0:08:34]} 23. Rc3 {[%emt 0:01:28]} Qxf4 {[%emt 0:01:26]} 24. g3 {[%emt 0:00:41]} Qf5 {[%emt 0:01:40]} 25. Rc4 {[%emt 0:01:40]} f6 {[%emt 0:03:12]} 26. Ne4 {[%emt 0:03:43]} Qd5 {[%emt 0:01:23]} 27. Ke2 {[%emt 0:05:02]} Rf7 {[%emt 0:03:31]} 28. Qe3 {[%emt 0:02:03]} Qe6 {[%emt 0:05:43]} 29. h5 {[%emt 0:05:59]} gxh5 {[%emt 0:02:57]} 30. Qh6 {[%emt 0:02:36]} Qe5 {[%emt 0:00:26]} 31. Qd2 {[%emt 0:00:31]} Qe6 {[%emt 0:03:55]} 32. Kf1 {[%emt 0:00:15]} Kg7 {[%emt 0:00:41]} 33. Qd4 {[%emt 0:00:26]} Qb6 {[%emt 0:04:18]} 34. Qd7 {[%emt 0:00:29]} Qxb3 {[%emt 0:01:08]} 35. Rc1 {[%emt 0:00:58]} Rxc7 {[%emt 0:00:56]} 36. Qxc7 {[%emt 0:00:08]} Qd3+ {[%emt 0:00:02]} 37. Kg1 {[%emt 0:00:07]} Qxe4 {[%emt 0:00:04]} 38. Qb8 {[%emt 0:01:13]} h4 {[%emt 0:00:19]} 39. gxh4 {[%emt 0:00:23]} Kh6 {[%emt 0:01:12]} 40. Rc8 {[%emt 0:00:48]} Rg7+ {[%emt 0:00:00]} 0-1

[Event "FIDE Chesscom Grand Swiss 2019"]
[Site "Douglas-Isle of Man"]
[Date "2019.10.21"]
[Round "11.8"]
[White "Robson, Ray"]
[Black "Anand, Viswanathan"]
[Result "1/2-1/2"]
[WhiteElo "2670"]
[BlackElo "2765"]
[Annotator "TA"]
[PlyCount "60"]
[EventDate "2019.10.10"]
[EventType "swiss"]
[EventCountry "GBR"]
[SourceTitle "playchess.com"]
[Source "ChessBase"]
[SourceQuality "1"]

{[%evp 18,60,15,15,17,17,25,12,19,20,14,12,11,12,9,12,12,6,10,0,0,0,0,0,0,0,0,0,4,0,0,0,0,0,-2,-2,0,0,0,0,7,0,1,0,0]} 1. e4 e5 2. Nf3 Nc6 3. Bb5 Nf6 4. O-O Nxe4 5. Re1 Nd6 6. Nxe5 Be7 7. Bf1 Nxe5 8. Rxe5 O-O 9. d4 Bf6 10. Re1 Re8 {C67: Ruy Lopez: Berlin Defence: 4 0-0 Nxe4} 11. c3 Rxe1 12. Qxe1 Ne8 {The position is equal.} 13. Bf4 (13. d5 c6 14. Qd1 b6 15. Bf4 Bb7 16. dxc6 dxc6 17. Nd2 c5 18. Nc4 Qxd1 19. Rxd1 {½-½ (40) Anand,V (2774)-Caruana,F (2819) Karlsruhe/Baden Baden 2019}) 13... d5 14. Bd3 g6 15. Nd2 Ng7 {[#]} 16. Nf3 $146 ({Predecessor:} 16. Qe2 c6 17. Re1 Bf5 18. Bxf5 Nxf5 {½-½ (26) Amin,B (2709)-Bacrot,E (2677) Zagreb 2018}) 16... Bf5 17. Bxf5 Nxf5 18. Qe2 c6 19. Re1 Ng7 20. h3 Qd7 21. Be5 Re8 22. Qd2 Bd8 23. Bxg7 {[#] Black must now prevent Ne5.} Kxg7 24. Rxe8 Qxe8 25. Qf4 Qe7 (25... Qd7 {is interesting.} 26. Qb8 a6 27. Ne5 Qe7 28. Kf1 c5) 26. Qe5+ Qxe5 27. Nxe5 f6 28. Nd3 Be7 29. g4 Kf7 30. Kg2 Ke6 {Accuracy: White = 82%, Black = 92%.} 1/2-1/2

[Event "FIDE Chesscom Grand Swiss 2019"]
[Site "Douglas-Isle of Man"]
[Date "2019.10.21"]
[Round "11.8"]
[White "Kasimdzhanov, Rustam"]
[Black "L'Ami, Erwin"]
[Result "1/2-1/2"]
[WhiteElo "2657"]
[BlackElo "2619"]
[Annotator "TA"]
[PlyCount "179"]
[EventDate "2019.10.10"]
[EventType "swiss"]
[EventCountry "GBR"]
[SourceTitle "playchess.com"]
[Source "ChessBase"]
[SourceQuality "1"]

{[%evp 12,178,18,8,11,11,27,12,24,13,32,14,4,7,11,18,13,0,24,0,0,0,0,0,0,0,0,0,0,-18,-27,-30,-21,-83,-77,-84,-45,-73,-71,-71,-74,-98,-93,-93,-90,-89,-89,-93,-56,-62,-56,-65,-56,-56,-56,-56,-56,-56,-13,-56,0,0,0,0,0,0,0,0,8,0,237,237,237,237,216,183,183,183,183,183,183,159,159,159,162,162,162,162,162,162,162,162,162,162,162,162,162,162,179,179,179,162,172,110,110,0,0,0,0,0,0,0,0,0,0,0,0,0,0,0,0,0,0,0,0,0,0,0,0,0,0,0,0,0,0,0,0,0,0,0,0,0,0,0,0,0,0,0,0,0,0,0,0,0,0,0,0,0,0,0,0,0,0,0,0,0,0,0,0]} 1. e4 e5 2. Nf3 Nc6 3. Bc4 Bc5 4. c3 Nf6 5. d3 d6 6. O-O h6 7. Re1 O-O {C54: Giuoco Piano: 4 c3 Nf6, main lines with 5 d4 and 5 d3} 8. Nbd2 {[%cal Bb1d2,Bd2f1,Bf1g3][%mdl 32]} a6 9. a4 Re8 10. Nf1 Ba7 11. Ng3 Be6 12. Bxe6 Rxe6 13. b4 d5 14. Qc2 Qd7 {[#]} 15. Ba3 $146 ({Predecessor:} 15. h3) 15... b5 16. Bb2 Rd8 17. h3 Bb6 18. Nf5 Ree8 19. Rad1 Qe6 20. Ng3 dxe4 21. dxe4 Qc4 22. Rxd8 (22. Rc1 $1 $11 {keeps the balance.}) 22... Rxd8 $17 23. Rc1 Ne8 24. Nd2 Qd3 25. Qxd3 Rxd3 26. Nf3 Nd6 27. a5 Ba7 28. Kf1 {[#] Black must now prevent Ke2.} Nc4 29. Ba1 Ne7 30. Ke2 $1 {[%cal Re2d3]} Rd8 (30... Rd7 {is interesting.} 31. Nf1 f6 32. Ne1 c5 33. Nd3 Nc6) 31. Nf1 c5 32. N1d2 Nxd2 33. Nxd2 c4 34. Rc2 f5 35. Bb2 Kf7 (35... Rd3 $15) 36. exf5 $11 Nxf5 37. Ne4 Ke6 38. Bc1 Rd5 39. Rd2 Ne7 40. Kf3 Ng8 $2 (40... Rd3+ $11 {and Black is okay.} 41. Ke2 Rd5) 41. Rxd5 $18 Kxd5 42. Be3 Bxe3 43. fxe3 {[%mdl 4096] Endgame KN-KN} Kc6 44. Nc5 Nf6 45. e4 ({Worse is} 45. Nxa6 Nd5 $11) 45... h5 46. Nxa6 Nd7 47. h4 Kd6 48. Ke3 Kc6 49. Kd2 Kd6 50. Kc1 Kc6 51. Kc2 Nf8 52. Nc5 Kc7 53. Kd2 Kc6 54. Ke3 g6 55. Kf3 Kc7 56. g4 Kc6 57. a6 (57. Kf2 $18) 57... Kb6 $16 58. Nb7 ({White should try} 58. Kg3 $16) 58... Kxa6 $11 {The position is equal.} 59. Nd6 Kb6 60. Nf7 Nd7 61. Nh8 hxg4+ $1 62. Kxg4 Nf6+ $1 63. Kf3 Kc7 64. Nf7 Nd7 65. Ke3 Kc6 66. Kf2 Kc7 67. Kf3 Kc6 68. Kg4 {Hoping for Kg5.} Nf6+ {[#]} 69. Kg5 $1 {[%mdl 512]} Nxe4+ 70. Kxg6 Nxc3 71. h5 {Threatens to win with h6.} Ne2 $1 72. h6 c3 $1 73. Nxe5+ Kd5 74. Ng4 Ke4 {aiming for ...Nf4+.} 75. Nf2+ Kf3 76. Nd3 Ke3 $1 {[%cal Re3d3]} 77. Nc5 c2 78. Nb3 Kd3 {And now ...Kc4 would win.} 79. h7 Kc3 80. Nc1 Nxc1 81. h8=Q+ Kb3 82. Qg8+ Kxb4 {...Na2! is the strong threat.} 83. Qc8 Kb3 84. Qe6+ Ka3 85. Qa6+ Kb2 86. Qf6+ Kb1 87. Qc3 b4 88. Qxb4+ Nb3 89. Qxb3+ Ka1 90. Qxc2 {Accuracy: White = 62%, Black = 78%.} 1/2-1/2

[Event "FIDE Chesscom Grand Swiss 2019"]
[Site "Douglas-Isle of Man"]
[Date "2019.10.21"]
[Round "11.9"]
[White "Sevian, Samuel"]
[Black "Yu, Yangyi"]
[Result "1/2-1/2"]
[WhiteElo "2654"]
[BlackElo "2763"]
[Annotator "TA"]
[PlyCount "85"]
[EventDate "2019.10.10"]
[EventType "swiss"]
[EventCountry "GBR"]
[SourceTitle "playchess.com"]
[Source "ChessBase"]
[SourceQuality "1"]

{[%evp 16,85,28,34,30,27,20,12,40,37,50,42,73,76,88,89,86,91,93,84,117,100,119,108,114,102,105,91,125,116,148,114,129,132,133,130,121,119,153,120,116,114,129,74,79,64,75,74,90,92,86,87,82,82,78,89,87,60,66,33,37,43,57,42,96,22,20,18,37,2,3,2]} 1. e4 e5 2. Nf3 Nc6 3. Bb5 a6 4. Ba4 Nf6 5. O-O b5 6. Bb3 Bb7 7. d3 Be7 8. c4 bxc4 9. Bxc4 O-O {C84: Closed Ruy Lopez: Unusual White 6th moves} 10. Nc3 d6 11. a3 (11. Be3 Na5 12. Bd5 c6 13. Bxf7+ Rxf7 14. b4 Bc8 15. bxa5 Bg4 16. Rb1 Bxf3 17. gxf3 {½-½ (31) Geist,H (2596)-Firnhaber,I (2517) ICCF email 2014}) 11... Qd7 12. Be3 $146 ({Predecessor:} 12. b4 Qg4 13. Be3 Nh5 14. Nd5 Bd8 15. Rc1 Kh8 16. h3 Qg6 17. Nxc7 Rc8 18. Bxa6 Rxc7 19. Bxb7 Rxb7 20. Rxc6 f5 21. exf5 Rxf5 22. Nh4 {1-0 (22) Neukirch,D-Wolf,L ICCF corr 1983}) 12... Nd8 13. b4 Kh8 14. h3 Ne6 15. Rc1 h6 16. Re1 a5 17. b5 c5 18. bxc6 Bxc6 19. d4 exd4 20. Nxd4 Nxd4 21. Bxd4 Rae8 22. Qd3 Bd8 23. Rb1 Qc8 24. Bb5 {Strongly threatening Qc4.} Qa8 25. Bxc6 Qxc6 26. Qb5 Qc8 27. Re3 Re6 28. f4 Nd7 29. f5 (29. Rd1 $142) 29... Ree8 $16 30. Nd5 Bg5 31. Re2 Qd8 32. Qb2 Nf6 33. Bxf6 Bxf6 34. Nxf6 gxf6 35. Rd1 Kh7 36. Qd4 d5 37. Qxd5 Qc7 38. Qd6 Qc3 39. Qd4 Rc8 ({Better is} 39... Qc6 $14) 40. Re3 (40. Kf2 $16) 40... Qc2 $1 $11 41. Rde1 Rg8 {[%csl Gg8][%cal Rc2g2] [#]} 42. R3e2 Qc3 43. Qxc3 {Accuracy: White = 65%, Black = 68%.} 1/2-1/2

[Event "FIDE Chesscom Grand Swiss 2019"]
[Site "Douglas-Isle of Man"]
[Date "2019.10.21"]
[Round "11.9"]
[White "Erdos, Viktor"]
[Black "Movsesian, Sergei"]
[Result "1/2-1/2"]
[WhiteElo "2604"]
[BlackElo "2654"]
[Annotator "RC"]
[PlyCount "44"]
[EventDate "2019.10.10"]
[EventType "swiss"]
[EventCountry "GBR"]
[SourceTitle "playchess.com"]
[Source "ChessBase"]
[SourceQuality "1"]
[TimeControl "40/6000+30:20/3000+30:900+30"]

1. d4 {[%emt 0:00:00]} Nf6 {[%emt 0:00:00]} 2. c4 {[%emt 0:00:00]} e6 {[%emt 0:00:04]} 3. Nf3 {[%emt 0:00:07]} d5 {[%emt 0:01:13]} 4. Nc3 {[%emt 0:00:46]} Bb4 {[%emt 0:00:48]} 5. Qb3 {[%emt 0:01:44]} c5 {[%emt 0:04:00]} 6. dxc5 {[%emt 0:01:53]} Nc6 {[%emt 0:02:02]} 7. Bg5 {[%emt 0:01:20]} Qa5 {[%emt 0:02:19]} 8. Bxf6 {[%emt 0:00:20]} dxc4 {[%emt 0:00:20]} 9. Qxc4 {[%emt 0:00:07]} gxf6 {[%emt 0:00:12]} 10. Rc1 {[%emt 0:01:18]} Qxc5 {[%emt 0:01:05]} 11. Qh4 {[%emt 0:05:25]} Ke7 {[%emt 0:02:33]} 12. g3 {[%emt 0:04:19]} Bxc3+ {[%emt 0:01:18]} 13. bxc3 {[%emt 0:00:19]} b6 {[%emt 0:00:20]} 14. Bg2 {[%emt 0:00:09]} Bb7 {[%emt 0:00:24]} 15. O-O {[%emt 0:00:10]} Rac8 {[%emt 0:03:40]} 16. Rfd1 {[%emt 0:06:12]} h5 {[%emt 0:04:02]} 17. Ne1 {[%emt 0:07:34]} Qg5 {[%emt 0:02:48]} 18. Qa4 {[%emt 0:00:30]} Qa5 {[%emt 0:00:55]} 19. Qf4 {[%emt 0:01:35]} Qe5 {[%emt 0:02:21]} 20. Qa4 {[%emt 0:00:59]} Qa5 {[%emt 0:00:33]} 21. Qf4 {[%emt 0:03:41]} Qe5 {[%emt 0:01:29]} 22. Qa4 {[%emt 0:03:14]} Qa5 {[%emt 0:00:46]} 1/2-1/2

[Event "FIDE Chesscom Grand Swiss 2019"]
[Site "Douglas-Isle of Man"]
[Date "2019.10.21"]
[Round "11.11"]
[White "Grischuk, Alexander"]
[Black "Gelfand, Boris"]
[Result "1-0"]
[WhiteElo "2759"]
[BlackElo "2686"]
[Annotator "TA"]
[PlyCount "71"]
[EventDate "2019.10.10"]
[EventType "swiss"]
[EventCountry "GBR"]
[SourceTitle "playchess.com"]
[Source "ChessBase"]
[SourceQuality "1"]

{[%evp 12,71,31,27,52,23,39,20,14,20,16,19,22,15,13,22,29,7,62,57,62,52,57,56,55,55,64,56,56,56,60,53,65,62,78,78,78,79,108,94,110,113,123,121,154,108,793,793,793,770,873,873,1628,1504,29985,29986,29985,29986,29986,29987,29987,29988]} 1. e4 e5 2. Nf3 Nf6 3. Nxe5 d6 4. Nf3 Nxe4 5. d4 d5 6. Bd3 Be7 7. O-O Bf5 {C42: Petroff Defence: 3 Nxe5 and unusual White 3rd moves} 8. Ne5 Nd7 9. Nc3 Nxc3 {The position is equal.} 10. bxc3 Bxd3 11. cxd3 O-O 12. Qb3 Nxe5 13. dxe5 {[#]} Rb8 $146 ({Predecessor:} 13... Qd7 14. f4 {0-1 (51) Grischuk,A (2775)-Yu,Y (2738) Stavanger 2019}) 14. f4 f5 (14... d4 $11) 15. a4 Qd7 16. d4 a5 17. Ba3 Bxa3 18. Rxa3 Qc6 19. Rb1 b6 20. Ra2 Rfd8 21. h3 Rd7 22. Kh2 Qe6 23. Qb5 Rbd8 24. Rc2 h5 25. Rbc1 h4 26. Qe2 Qc6 27. Qh5 Rf8 28. c4 {[%cal Bc3c4,Bc4d5][%mdl 32]} Qxa4 $2 {[%mdl 8192] [#]} (28... dxc4 $16 29. Rxc4 Qe4) 29. e6 $18 Re7 30. cxd5 Qxd4 31. Qg5 Rf6 32. Rxc7 Rxc7 33. Rxc7 {[%csl Gc7][%cal Rg5g7] White mates.} Rg6 34. Rc8+ Kh7 35. Qh5+ Rh6 36. Qxf5+ {Accuracy: White = 75%, Black = 34%.} 1-0

[Event "FIDE Chesscom Grand Swiss 2019"]
[Site "Douglas-Isle of Man"]
[Date "2019.10.21"]
[Round "11.11"]
[White "Mamedov, Rauf"]
[Black "Yilmaz, Mustafa"]
[Result "1/2-1/2"]
[WhiteElo "2645"]
[BlackElo "2595"]
[Annotator "TA"]
[PlyCount "40"]
[EventDate "2019.10.10"]
[EventType "swiss"]
[EventCountry "GBR"]
[SourceTitle "playchess.com"]
[Source "ChessBase"]
[SourceQuality "1"]

{[%evp 31,40,0,0,0,0,0,0,0,0,0,0]} 1. e4 c5 2. Nf3 d6 3. d4 cxd4 4. Nxd4 Nf6 5. Nc3 a6 6. Bg5 e6 7. f4 Qb6 8. Qd2 Qxb2 9. Rb1 Qa3 10. f5 Nc6 11. fxe6 fxe6 12. Nxc6 bxc6 13. Be2 Be7 14. O-O O-O 15. Rb3 Qc5+ 16. Be3 Qe5 {The position is equal.} 17. Bd4 {B97: Sicilian Najdorf: Poisoned Pawn} Qa5 $1 ({Don't blunder} 17... Nxe4 $2 18. Rxf8+ (18. Qe3 Rxf1+ 19. Bxf1 Qg5 $18) 18... Bxf8 19. Nxe4 $18) 18. Bb6 Qe5 19. Bd4 $1 {[%cal Rd4e5] [#]} Qa5 $146 ({Not} 19... Nxe4 $2 20. Rxf8+ (20. Qe3 Rxf1+ 21. Bxf1 Qf5 $18) 20... Bxf8 21. Nxe4 $18) 20. Bb6 Qe5 1/2-1/2